Nhận thức của người lao động về tư vấn tâm lý trong một số doanh nghiệp trên địa bàn thành phố Đà Nẵng

Cơ sở lý luận: Lịch sử vấn đề nghiên cứu. Những khái niệm liên quan... Phương pháp nghiên cứu. Kết quả nghiên cứu.

সংরক্ষণ করুন:
গ্রন্থ-পঞ্জীর বিবরন
প্রধান লেখক: Lê, Thị Lâm (Tác giả)
অন্যান্য লেখক: Lê Nhị Hà Th.S (Hướng dẫn)
বিন্যাস: গ্রন্থ
ভাষা:Vietnamese
প্রকাশিত: Đà Nẵng Đại học Sư phạm 2009
বিষয়গুলি:
ট্যাগগুলো: ট্যাগ যুক্ত করুন
কোনো ট্যাগ নেই, প্রথমজন হিসাবে ট্যাগ করুন!
Thư viện lưu trữ: Mạng thư viện Đại học Đà Nẵng
LEADER 01437nam a2200349 4500
001 000012304
003 8598
005 20120217130200.0
008 120217s2009 viesd
041 |a vie 
072 |a Khóa luận tốt nghiệp 
082 |a 158.35  |b LE-L 
100 |a Lê, Thị Lâm  |e Tác giả 
245 |a Nhận thức của người lao động về tư vấn tâm lý trong một số doanh nghiệp trên địa bàn thành phố Đà Nẵng  |c Lê Thị Lâm 
260 |a Đà Nẵng  |b Đại học Sư phạm  |c 2009 
300 |a 73 tr.  |c 29 cm 
500 |a Khóa luận tốt nghiệp khoa Tâm lý - Giáo dục 
520 |a Cơ sở lý luận: Lịch sử vấn đề nghiên cứu. Những khái niệm liên quan... Phương pháp nghiên cứu. Kết quả nghiên cứu. 
653 |a Nhận thức 
653 |a Người lao động 
653 |a Tư vấn tâm lý 
700 |a Lê Nhị Hà  |c Th.S  |e Hướng dẫn 
OWN |a LSP 
AVA |a UDN50  |b LSP  |d 158.35 LE-L  |e available  |t Error 5001 Not defined in file expand_doc_bib_avail.  |f 1  |g 0  |h N  |i 0  |k 1 
999 |a From the UDN01 
AVA |a UDN50  |b LSP  |d 158.35 LE-L  |e available  |t Error 5001 Not defined in file expand_doc_bib_avail.  |f 1  |g 0  |h N  |i 0  |k 1 
TYP |a Monograph 
TYP |a Printed language 
980 |a Mạng thư viện Đại học Đà Nẵng